Города Дальневосточного федерального округа России - Statistics

General Stats
  • This quiz has been taken 127 times
  • The average score is 43 of 82
Answer Stats
Население Подсказка Город % Correct
591 628 Приморский край Владивосток
99%
367 667 Республика Саха (Якутия) Якутск
97%
89 193 Магаданская область Магадан
94%
180 085 Сахалинская область Южно-Сахалинск
94%
615 570 Хабаровский край Хабаровск
94%
435 751 Республика Бурятия Улан-Удэ
93%
163 152 Камчатский край Петропавловск-Камчатский
93%
239 864 Амурская область Благовещенск
91%
333 159 Забайкальский край Чита
90%
13 043 Чукотский автономный округ Анадырь
90%
235 488 Хабаровский край Комсомольск-на-Амуре
88%
67 788 Еврейская автономная область Биробиджан
87%
136 096 Приморский край Находка
85%
108 690 Приморский край Артём
79%
179 86 Приморский край Уссурийск
78%
53 526 Республика Саха (Якутия) Нерюнгри
71%
37 932 Хабаровский край Амурск
66%
2439 Сахалинская область Северо-Курильск
63%
17 815 Хабаровский край Николаевск-на-Амуре
63%
4230 Чукотский автономный округ Певек
63%
768 Республика Саха (Якутия) Верхоянск
60%
2537 Сахалинская область Курильск
60%
23 841 Хабаровский край Советская Гавань
59%
4297 Магаданская область Сусуман
57%
34 013 Республика Саха (Якутия) Мирный
57%
19 888 Сахалинская область Оха
57%
36 199 Камчатский край Елизово
56%
21 83 Камчатский край Вилючинск
54%
33 259 Сахалинская область Корсаков
53%
5409 Чукотский автономный округ Билибино
53%
21 490 Республика Саха (Якутия) Алдан
51%
60 350 Амурская область Белогорск
50%
28 160 Амурская область Тында
50%
24 34 Республика Бурятия Северобайкальск
50%
33 030 Приморский край Дальнегорск
50%
23 028 Приморский край Дальнереченск
50%
10 045 Республика Саха (Якутия) Вилюйск
50%
7831 Еврейская автономная область Облучье
49%
47 306 Приморский край Арсеньев
49%
48 789 Амурская область Свободный
47%
18 864 Амурская область Зея
46%
13 349 Республика Саха (Якутия) Удачный
46%
15 875 Хабаровский край Бикин
46%
21 181 Республика Саха (Якутия) Ленск
44%
15 953 Сахалинская область Поронайск
44%
35 096 Приморский край Спасск-Дальний
43%
8769 Сахалинская область Александровск-Сахалинский
43%
19 427 Приморский край Фокино
41%
25 082 Сахалинская область Холмск
41%
7686 Сахалинская область Углегорск
41%
6687 Амурская область Сковородино
40%
51 137 Забайкальский край Краснокаменск
40%
12 791 Хабаровский край Вяземский
40%
33 165 Приморский край Партизанск
38%
17 880 Республика Бурятия Кяхта
37%
4225 Республика Бурятия Бабушкин
37%
29 596 Забайкальский край Борзя
37%
11 991 Республика Саха (Якутия) Покровск
37%
3118 Республика Саха (Якутия) Среднеколымск
37%
10 528 Сахалинская область Невельск
37%
9626 Сахалинская область Анива
37%
4299 Сахалинская область Томари
37%
7429 Амурская область Циолковский
35%
15 290 Забайкальский край Нерчинск
35%
9948 Забайкальский край Хилок
35%
15 860 Амурская область Райчихинск
34%
15 015 Забайкальский край Петровск-Забайкальский
34%
12 046 Забайкальский край Шилка
34%
34 967 Приморский край Лесозаводск
34%
11 731 Сахалинская область Долинск
34%
16 178 Амурская область Шимановск
32%
40 448 Приморский край Большой Камень
32%
6320 Республика Саха (Якутия) Томмот
32%
5691 Сахалинская область Макаров
32%
24 310 Республика Бурятия Гусиноозёрск
31%
12 390 Забайкальский край Могоча
31%
8457 Республика Саха (Якутия) Олёкминск
31%
9253 Амурская область Завитинск
29%
10 055 Республика Саха (Якутия) Нюрба
29%
10 928 Республика Бурятия Закаменск
28%
6093 Забайкальский край Сретенск
28%
10 286 Забайкальский край Балей
26%
No matching quizzes found
Score Distribution
Percent of People with Each Score
Percentile by Number Answered
Your Score History
You have not taken this quiz